[Event "Pescia op-A 5th"]
[Site "Pescia"]
[Date "2013.10.13"]
[Round "4"]
[White "Bernardini, Luca"]
[Black "Onesti, Luca"]
[Result "1/2-1/2"]
[WhiteElo "1973"]
[BlackElo "1937"]
[PlyCount "58"]
[EventDate "2013.10.11"]
[EventType "swiss"]
[EventRounds "5"]
[EventCountry "ITA"]
[SourceTitle "EXT 2015"]
[Source "ChessBase"]
[SourceDate "2014.11.20"]
[SourceVersion "1"]
[SourceVersionDate "2014.11.20"]
[SourceQuality "1"]

1. e4 e5 2. Nf3 Nc6 3. Nc3 Nf6 4. Bc4 Bc5 5. 0-0 0-0 6. d3 a6 7. Ne2 d6 8. c3 Bg4 9. Ng3 Qd7 10. b4 Bb6 11. Be3 Bxe3 12. fxe3 Ne7 13. Qd2 Ng6 14. a3 c6 15. h3 Bxf3 16. Rxf3 b5 17. Bb3 a5 18. Raf1 axb4 19. axb4 Ra3 20. Qb2 Qa7 21. Nf5 d5 22. Nxg7 Kxg7 23. Rxf6 Nf4 24. R6xf4 exf4 25. c4+ f6 26. c5 fxe3 27. e5 Rxb3 28. exf6+ Kg6 29. Qxb3 e2 1/2-1/2

[Event "Sarzana op"]
[Site "Sarzana"]
[Date "2011.05.28"]
[Round "2"]
[White "Mazzini, Mauro"]
[Black "Onesti, Luca"]
[Result "1-0"]
[WhiteElo "2138"]
[BlackElo "1954"]
[PlyCount "78"]
[EventDate "2011.05.27"]
[EventType "swiss"]
[EventRounds "5"]
[EventCountry "ITA"]
[SourceTitle "EXT 2014"]
[Source "ChessBase"]
[SourceDate "2013.11.20"]
[SourceVersion "1"]
[SourceVersionDate "2013.11.20"]
[SourceQuality "1"]

1. e4 e5 2. Nf3 Nc6 3. d4 exd4 4. Bc4 Bc5 5. c3 Nf6 6. cxd4 Bb4+ 7. Bd2 Bxd2+ 8. Nbxd2 d6 9. 0-0 0-0 10. Bd3 Bg4 11. Qb3 Qd7 12. Rac1 Nd8 13. Qc2 Ne6 14. e5 dxe5 15. dxe5 Nf4 16. exf6 Nxd3 17. fxg7 Rfe8 18. Rcd1 Re2 19. Qc3 Nf4 20. Qf6 Qf5 21. Qh4 Ng6 22. Qh6 Qh5 23. Qxh5 Bxh5 24. Rc1 Bxf3 25. Nxf3 Rxb2 26. Rxc7 Re8 27. Nd4 Kxg7 28. g3 Re7 29. Nf5+ Kf6 30. Nxe7 Nxe7 31. Rd1 a5 32. Rdd7 Nc6 33. Rxf7+ Ke6 34. Rxb7 Rxa2 35. Rxh7 a4 36. Rb6 Ra1+ 37. Kg2 Rc1 38. Ra6 Rc4 39. Rh6+ Kd5 1-0

[Event "Sarzana op"]
[Site "Sarzana"]
[Date "2011.05.28"]
[Round "3"]
[White "Onesti, Luca"]
[Black "Militello, Michele"]
[Result "1/2-1/2"]
[WhiteElo "1954"]
[BlackElo "1811"]
[PlyCount "52"]
[EventDate "2011.05.27"]
[EventType "swiss"]
[EventRounds "5"]
[EventCountry "ITA"]
[SourceTitle "EXT 2014"]
[Source "ChessBase"]
[SourceDate "2013.11.20"]
[SourceVersion "1"]
[SourceVersionDate "2013.11.20"]
[SourceQuality "1"]

1. e4 d6 2. d4 Nf6 3. Nc3 Nbd7 4. Nf3 e5 5. dxe5 dxe5 6. a3 Be7 7. Bc4 0-0 8. 0-0 c6 9. Qe2 Qc7 10. h3 b5 11. Bd3 a6 12. Bg5 Re8 13. Rad1 Bf8 14. Nh4 g6 15. Qd2 Bg7 16. Be2 Re6 17. Kh1 Ne8 18. Bg4 Rd6 19. Qe3 Nf8 20. Bxc8 Rxc8 21. Rxd6 Nxd6 22. Bh6 Nc4 23. Qc1 Bxh6 24. Qxh6 Ne6 25. Qc1 Rd8 26. Nf3 Kg7 1/2-1/2

[Event "Florence op 17th"]
[Site "Florence"]
[Date "2009.12.06"]
[Round "2"]
[White "Onesti, Luca"]
[Black "Chiarion, Elisa"]
[Result "1-0"]
[WhiteElo "1983"]
[BlackElo "1908"]
[PlyCount "47"]
[EventDate "2009.12.06"]
[EventType "swiss"]
[EventRounds "6"]
[EventCountry "ITA"]
[SourceTitle "EXT 2012"]
[Source "ChessBase"]
[SourceDate "2011.11.24"]
[SourceVersion "1"]
[SourceVersionDate "2011.11.24"]
[SourceQuality "1"]

1. e4 c5 2. Nf3 d6 3. d4 cxd4 4. Nxd4 Nf6 5. Nc3 g6 6. Be2 Bg7 7. Be3 0-0 8. Qd2 Nc6 9. Nb3 Re8 10. Bh6 Bh8 11. h4 Ne5 12. h5 Bg4 13. hxg6 hxg6 14. f4 Nc6 15. Bc4 Rc8 16. f5 Nxe4 17. fxg6 e6 18. gxf7+ Kxf7 19. Nxe4 d5 20. Qf4+ Bf5 21. Nd6+ Ke7 22. Bg5+ Bf6 23. Bxf6+ Kxf6 24. Qh4+ 1-0

[Event "Lucca op 20th"]
[Site "Lucca"]
[Date "2008.10.04"]
[Round "1"]
[White "Riccio, Eros"]
[Black "Onesti, Luca"]
[Result "1-0"]
[WhiteElo "2203"]
[BlackElo "1950"]
[PlyCount "67"]
[EventDate "2008.10.04"]
[EventType "swiss"]
[EventRounds "6"]
[EventCountry "ITA"]
[SourceTitle "EXT 2011"]
[Source "ChessBase"]
[SourceDate "2010.11.26"]
[SourceVersion "1"]
[SourceVersionDate "2010.11.26"]
[SourceQuality "1"]

1. e4 e5 2. Nf3 Nc6 3. Bb5 a6 4. Ba4 Nf6 5. 0-0 b5 6. Bb3 Be7 7. Re1 0-0 8. h3 d6 9. c3 Na5 10. Bc2 c5 11. d4 cxd4 12. cxd4 Qc7 13. Nbd2 Bb7 14. Nf1 Rac8 15. Re2 Nc6 16. d5 Nb4 17. Bb3 a5 18. a3 Na6 19. Ng3 Rfe8 20. Bg5 Nc5 21. Bc2 b4 22. Nf5 Qb6 23. Nxe7+ Rxe7 24. Bxf6 gxf6 25. Re3 Qd8 26. Nh4 Qf8 27. Nf5 Rec7 28. axb4 axb4 29. Qh5 b3 30. Bxb3 Nxb3 31. Rxb3 Rc1+ 32. Rxc1 Rxc1+ 33. Kh2 Bc8 34. Nh6+ 1-0